00290pab a2200121 454500008004000000100002000040245002000060260000900080300002400089362001100113650003000124773001400154180718b1995 xxu||||| |||| 00| 0 eng d aSanyal, Sunanda aAdvising state. c1995 ap.8; 17 Jun 95, p.8 a16 Jun aEducation, Higher - India aStatesman